000 00586nam a2200169 a 4500
001 000029491
005 20200930055605.0
008 110415s2008 dr ac 000 0 spa d
040 _aDO-SdBNP
_bspa
_cBNPHU
082 _axxxx
_bR426
110 1 _aRepública Dominicana. Instituto Nacional de la Vivienda (INVI),
_954493
245 1 0 _aLogros gestión 2004-2008 INVI. /
_cpresentación Alma Fernández.
260 _aSanto Domingo :
_bInstituto Nacional de la Vivienda (INVI),
_c2008.
300 _a[100 p.] :
_bil., retrs. ;
_c22 cm.
700 1 _aFernández, Alma
_956361
049 _aBNPD
999 _c28983
_d28983